000 00648cam a22002053a 4500
001 41179
003 PGUSA
005 20140828083928.0
008 121026s2012||||xxu|||||s|||||000 | eng d
040 _aPGUSA
_beng
042 _adc
100 1 _aHulbert, Archer Butler,
_d1873-1933
245 1 0 _aHistoric Highways of America (Vol. 7) :
_bPortage Paths - The Keys of the Continent
_h[electronic resource] /
_cArcher Butler Hulbert
260 _bProject Gutenberg,
_c2012
506 _aPublic domain in the USA.
516 _aElectronic text
830 0 _aProject Gutenberg
_v41179
856 4 0 _uhttp://www.gutenberg.org/ebooks/41179
942 _cEB
999 _c270431
_d270431